Ocenenie úrovne vzájomných vzťahov Súdruh Gustáv Husák prijal Kubánskeho predstaviteľa

Podrobná bibliografia
Médium: Článok
Jazyk:slovenčina
Predmet:

MARC

LEADER 00000nab a2200000 a 4500
001 vtls000175895
003 SK-MaSNL
005 20260304171150.0
008 150430c1984 xo 0 slo
015 |a SNBRB19rr/mm-uuuuu 
035 |a CL0186008 
040 |a SNKBUCL  |b slo  |c SNKBUCL  |e AACR2 
041 0 |a slo 
044 |a xo  |c SK 
080 |a 327(437:729.1)  |2 1981 
080 |a 327(100-11)(729.1)  |2 1981 
245 0 0 |a Ocenenie úrovne vzájomných vzťahov  |b Súdruh Gustáv Husák prijal Kubánskeho predstaviteľa 
650 0 7 |a ČSSR  |2 snkbucl  |9 335647 
651 7 |a Kuba  |2 snkbucl  |9 17345 
655 7 |a články z novín a časopisov  |2 snkbucl  |9 267496 
773 0 |t Pravda  |g Roč. 65, č. 56 (6. 3. 1984), s. 1 
850 |a Slovenská národná knižnica v Martine  |a MTA001 
852 |a SNK  |b KIS3GCP 
958 |a RK 
958 |a CU 
992 |a RBX 
999 |c 2991949  |d 2993879